000 00428nam a2200169Ia 4500
003 LK-CoDNM
008 010623t1931 xxu||||| |||| 00| 1 sin d
040 _aLK-CoDNM
_dLK-CoDNM
_eLK-CoDNM
041 _asin
080 _a104 I 11
100 _aGunawardhana,Irving.
245 _aපද්මිණී චරිතය
246 _aPadmini Charitaya
260 _bVictori
_aMatara
_c1931
300 _b40p, 21 cm
942 _cBK
999 _c95890
_d95890